| 000 | 00863 a2200241 4500 | ||
|---|---|---|---|
| 003 | Nust | ||
| 005 | 20170207154017.0 | ||
| 010 | _a 2004302434 | ||
| 020 | _a0596006411 | ||
| 035 | _a(OCoLC)ocm55141149 | ||
| 040 | _cNust | ||
| 082 | 0 | 0 | _a005.133 |
| 100 | 1 | _aHolzner, Steven. | |
| 245 | 1 | 0 |
_aEclipse (E-BOOK) _cSteve Holzner. |
| 260 |
_aBeijing ; _aSebastopol, CA : _bO'Reilly, _cc2004. |
||
| 300 |
_axiv, 317 p. : _bill. ; _c24 cm. |
||
| 500 | _aIncludes index. | ||
| 650 | 0 | _aJava (Computer program language) | |
| 651 | _aEclipse (E-BOOK) | ||
| 856 | 4 | 2 |
_3Contributor biographical information _uhttp://www.loc.gov/catdir/enhancements/fy0912/2004302434-b.html |
| 856 | 4 | 2 |
_3Publisher description _uhttp://www.loc.gov/catdir/enhancements/fy0715/2004302434-d.html |
| 856 | 4 | 2 |
_3Table of contents only _uhttp://www.loc.gov/catdir/enhancements/fy1010/2004302434-t.html |
| 942 |
_2ddc _cBK |
||
| 999 |
_c191496 _d191496 |
||